September Song Lyrics - JP Cooper - Statistics

General Stats
  • This quiz has been taken 40 times
  • The average score is 208 of 329
Answer Stats
Answer % Correct
you
100%
do
89%
remember
89%
september
89%
i
83%
the
83%
a
78%
we
78%
an
72%
and
72%
love
72%
were
72%
where
72%
be
67%
by
67%
go
67%
have
67%
hear
67%
in
67%
it
67%
my
67%
so
67%
song
67%
your
67%
as
61%
heart
61%
is
61%
me
61%
singing
61%
they
61%
time
61%
us
61%
when
61%
you're
61%
15
56%
been
56%
broken
56%
chorus
56%
darling
56%
for
56%
had
56%
hearts
56%
innocent
56%
like
56%
lion
56%
never
56%
of
56%
on
56%
only
56%
our
56%
strong
56%
that
56%
to
56%
along
50%
every
50%
gone
50%
got
50%
lasted
50%
long
50%
mixtape
50%
repeating
50%
slowly
50%
soft
50%
still
50%
summer
50%
too
50%
weekend
50%
will
50%
iron
44%
moves
44%
play
44%
tell
44%
times
44%
cause
39%
hot
39%
morning
39%
oh
39%
passing
39%
take
39%
talk
39%
til
39%
used
39%
years
39%
couldn't
33%
down
33%
face
33%
feel
33%
get
33%
i'm
33%
places
33%
see
33%
sometimes
33%
station
33%
strangers
33%
strangest
33%
think
33%
underground
33%
are
28%
danger
28%
if
28%
mad
28%
met
28%
sense
28%
we'd
28%
what
28%
melody
22%
about
17%
cuts
17%
lying
17%
thinking
17%
september song
11%
before
6%
No matching quizzes found
Score Distribution
Percent of People with Each Score
Percentile by Number Answered
Your Score History
You have not taken this quiz